[Event "POL-chT3 Slaskie"]
[Site "Poland"]
[Date "2008.05.10"]
[Round "7.14"]
[White "Lubosik, Zbigniew"]
[Black "Zawierucha, Aleksander"]
[Result "0-1"]
[WhiteElo "2124"]
[BlackElo "2057"]
[PlyCount "108"]
[EventDate "2008.02.03"]
[EventType "team-swiss"]
[EventRounds "9"]
[EventCountry "POL"]
[SourceTitle "EXT 2019"]
[Source "ChessBase"]
[SourceDate "2018.10.10"]
[SourceVersion "1"]
[SourceVersionDate "2018.10.10"]
[SourceQuality "1"]

1. d4 e6 2. Nf3 f5 3. Nc3 d5 4. Bg5 Nf6 5. Ne5 Be7 6. e3 0-0 7. g4 Nxg4 8. Bxe7 Qxe7 9. Nxg4 fxg4 10. Qxg4 c6 11. Qg3 Nd7 12. f4 Nf6 13. Rg1 Bd7 14. Bd3 b6 15. Ne2 Rf7 16. 0-0-0 c5 17. c3 a6 18. Rg2 Bb5 19. Bc2 Bxe2 20. Rxe2 b5 21. dxc5 Qxc5 22. Qg5 Qc4 23. Rg2 Qxa2 24. Rdg1 b4 25. Qe5 bxc3 26. Qxc3 Rb8 27. Rxg7+ Rxg7 28. Rxg7+ Kxg7 29. Qc7+ Nd7 30. Qxd7+ Kf6 31. f5 Qxb2+ 32. Kd1 Qa1+ 33. Ke2 Qe5 34. fxe6 Qxe6 35. Qxh7 Re8 36. Qh4+ Kg7 37. Qh5 Kf8 38. Bb3 Qe5 39. Qh6+ Ke7 40. Qb6 Qxh2+ 41. Kd3 Qd6 42. Qb7+ Kf6 43. Bxd5 Qa3+ 44. Bb3 Rd8+ 45. Kc4 Rc8+ 46. Kd3 Qd6+ 47. Bd5 Rc7 48. Qb2+ Ke7 49. Qg7+ Kd8 50. Qg8+ Kd7 51. Qg4+ Ke8 52. Qg8+ Qf8 53. Qe6+ Kd8 54. Qxa6 Qf1+ 0-1

[Event "POL-chT3 Slaskie"]
[Site "Poland"]
[Date "2008.05.10"]
[Round "8.24"]
[White "Ziebinski, Bartosz"]
[Black "Lubosik, Zbigniew"]
[Result "1-0"]
[WhiteElo "1923"]
[BlackElo "2124"]
[PlyCount "59"]
[EventDate "2008.02.03"]
[EventType "team-swiss"]
[EventRounds "9"]
[EventCountry "POL"]
[SourceTitle "EXT 2019"]
[Source "ChessBase"]
[SourceDate "2018.10.10"]
[SourceVersion "1"]
[SourceVersionDate "2018.10.10"]
[SourceQuality "1"]

1. e4 c5 2. Nc3 e6 3. g3 Nc6 4. Bg2 g6 5. d3 Bg7 6. Be3 Nd4 7. Nge2 Ne7 8. 0-0 0-0 9. f4 Rb8 10. Qd2 Qa5 11. e5 Nef5 12. Bf2 d6 13. exd6 Rd8 14. g4 Nxe2+ 15. Qxe2 Nd4 16. Qd1 Nb5 17. Ne4 Bxb2 18. Bh4 Nxd6 19. Bxd8 Qxd8 20. Rb1 Bd4+ 21. Kh1 Nxe4 22. dxe4 Qa5 23. f5 exf5 24. gxf5 b5 25. Qf3 Qxa2 26. Rb3 Rb7 27. Bh3 gxf5 28. Bxf5 Bxf5 29. Qxf5 Rc7 30. Qg5+ 1-0

[Event "POL-chT disctrict"]
[Site "Slask"]
[Date "1996.??.??"]
[Round "?"]
[White "Lubosik, Zbigniew"]
[Black "Suchon, Krzysztof"]
[Result "0-1"]
[WhiteElo "2140"]
[BlackElo "1965"]
[PlyCount "68"]
[EventDate "1996.??.??"]
[EventType "team"]
[EventRounds "12"]
[EventCountry "POL"]
[SourceTitle "EXT 2001"]
[Source "ChessBase"]
[SourceDate "2000.11.22"]
[SourceVersion "1"]
[SourceVersionDate "2000.11.22"]
[SourceQuality "1"]

1. d4 f5 2. e4 fxe4 3. Nc3 Nf6 4. Bg5 Nc6 5. f3 exf3 6. Nxf3 d6 7. Bc4 Bg4 8. 0-0 Qd7 9. Re1 Na5 10. Bb5 c6 11. Be2 b6 12. b4 Nb7 13. Bxf6 gxf6 14. d5 0-0-0 15. dxc6 Qxc6 16. Qd4 Kb8 17. Qxg4 Qxc3 18. a4 h5 19. Qh4 Bh6 20. Bd3 Rdg8 21. Qe4 e5 22. Ba6 Qc7 23. a5 Rg4 24. Qd5 Rhg8 25. Re2 bxa5 26. Bxb7 Qxb7 27. Qxd6+ Ka8 28. Qxf6 Bf4 29. Ne1 h4 30. h3 Be3+ 31. Kh1 Rf4 32. Qxf4 exf4 33. bxa5 Rg3 34. Kh2 Qg7 0-1

[Event "POL-chT disctrict"]
[Site "Slask"]
[Date "1996.??.??"]
[Round "?"]
[White "Wilk, Adam"]
[Black "Lubosik, Zbigniew"]
[Result "0-1"]
[WhiteElo "2015"]
[BlackElo "2135"]
[PlyCount "36"]
[EventDate "1996.??.??"]
[EventType "team"]
[EventRounds "12"]
[EventCountry "POL"]
[SourceTitle "EXT 2001"]
[Source "ChessBase"]
[SourceDate "2000.11.22"]
[SourceVersion "1"]
[SourceVersionDate "2000.11.22"]
[SourceQuality "1"]

1. b4 e5 2. a3 d5 3. e3 Bd6 4. Bb2 Nf6 5. c4 c6 6. Nc3 Nbd7 7. Nf3 0-0 8. d4 Re8 9. Be2 dxc4 10. Bxc4 Nb6 11. Bb3 e4 12. Nd2 Nbd5 13. Rc1 Nxc3 14. Rxc3 Nd5 15. Rc1 Qg5 16. g3 Bg4 17. h4 Qf5 18. Qc2 Nxe3 0-1

[Event "POL-chT reg"]
[Site "Poland"]
[Date "1995.??.??"]
[Round "?"]
[White "Lubosik, Zbigniew"]
[Black "Kwitek, Tomasz"]
[Result "0-1"]
[WhiteElo "2165"]
[BlackElo "2240"]
[PlyCount "80"]
[EventDate "1995.??.??"]
[EventType "team"]
[EventRounds "11"]
[EventCountry "POL"]
[SourceTitle "EXT 2001"]
[Source "ChessBase"]
[SourceDate "2000.11.22"]
[SourceVersion "1"]
[SourceVersionDate "2000.11.22"]
[SourceQuality "1"]

1. d4 Nf6 2. Nf3 g6 3. c4 Bg7 4. Nc3 0-0 5. e4 d6 6. Be2 e5 7. 0-0 Nc6 8. d5 Ne7 9. Ne1 Ne8 10. Nd3 f5 11. f3 f4 12. Rb1 Nf6 13. b4 g5 14. c5 Ng6 15. Bd2 Rf7 16. Nf2 h5 17. h3 Bf8 18. cxd6 cxd6 19. Qb3 Nh4 20. Rfc1 Rg7 21. Qd1 Kh8 22. Nb5 g4 23. hxg4 hxg4 24. fxg4 Bxg4 25. Nxg4 Nxg4 26. Bxg4 Qb6+ 27. Kf1 Qxb5+ 28. Qe2 Qb6 29. Rb3 Be7 30. Rbc3 Rag8 31. Rc8 Bd8 32. Bf3 Rg3 33. R1c3 Rh3 34. Qf2 Rh1+ 35. Ke2 Qb5+ 36. Rd3 Bb6 37. Rc5 dxc5 38. Bxf4 c4 39. Bxe5+ Kh7 40. Bd4 cxd3+ 0-1